000 00651nam a2200205 i 4500
001 109854
003 ES-MaACL
005 20240513170007.0
007 t|
008 061121s1960 sp r ||||1| spa d
100 1 _aOnieva, Antonio J.
_987081
245 1 0 _aVelázquez
_b: su vida y su obra /
_cAntonio Juan Onieva ; prólogo de Julián Moret.
260 _aMadrid :
_b[s.n.],
_c1960 (
_fGráf, Yagüe)
300 _a356 p. :
_bil ;
_c17 cm.
600 1 4 _aVelázquez, Diego,
_d1599-1660
_9113793
700 1 _aMoret, Julián.
_983473
852 _aES-MaACL
_jC-18807
_bR.46133
852 _aES-MaACL
_jB-10178
999 _c109854
_d109854